000 00536nam a2200109Ia 4500
008 171212s9999 xx 000 0 und d
100 _aSaunders, Jessica;Ober, Allison J.;Kilmer, Beau;Greathouse, Sarah Michal
245 _cSaunders, Jessica;Ober, Allison J.;Kilmer, Beau;Greathouse, Sarah Michal
_aA Community-Based, Focused-Deterrence Approach to Closing Overt Drug Markets
_bA Process and Fidelity Evaluation of Seven Sites
260 _bRAND Corporation
_c2016
650 _aLaw
856 _uhttp://jstor.org/stable/10.7249/j.ctt19w72h9
999 _c351637
_d351637